Rozsypane Państwa - Statystyki

Ogólne statystyki
  • Ten quiz został rozwiązany 257 razy
  • Średni wynik to 26 z 40
Statystyki odpowiedzi
Rozsypanka Państwo % Poprawnych
P Y C R Cypr
100%
T A L M A Malta
99%
I I D N E Indie
98%
A B U K Kuba
91%
T I H A I Haiti
90%
Z C D A Czad
89%
R U P E Peru
88%
T W I A L Litwa
86%
S K A L O P Polska
85%
A N R I Iran
83%
M A O O R K Maroko
83%
R Y S A I Syria
83%
S J Z E A C W Szwecja
80%
N F A R A J C Francja
79%
W E I M A N T Wietnam
79%
M B Ż K A O A M D Kambodża
77%
A A A D N K Kanada
75%
C R A T U J Turcja
75%
W L A K B Y T A A I N E I R Wielka Brytania
75%
K K S Y M E Meksyk
74%
C Y I M E N Niemcy
69%
A K N O G O M E D T C Z N A Y R K P E R U I L K A B Demokratyczna Republika Konga
63%
Ś Ł O I B R A Białoruś
60%
K I P A A S N T Pakistan
60%
B R Ż E E W Y Ś S Ł O K I O J E W C N I Wybrzeże Kości Słoniowej
59%
T O E S N A I Estonia
55%
Ł A A J C S O W Slowacja
55%
D O E J Z I A N N Indonezja
53%
K A R A I B Y U S A D A J S A Arabia saudyjska
51%
D R U S A N O H Honduras
50%
T U R L I A O P G Portugalia
47%
D A L I Y W M E Malediwy
46%
I L K A B I O L E Z P E R U E G O N Ą K A D L Z R P Y Republika Zielonego Przylądka
46%
Y Y Ż Ą Ę I Ś S K A C W T G E O P S S Z A T M O A C Wyspy Świętego Tomasza i Książęca
45%
N A T S A A H C Z K Kazachstan
44%
S U T A R I A A L Australia
39%
A A U A O I A E P P W W N N G Papua nowa Gwinea
37%
S Y T A N R K Y I M A J E O Z C D E N Z C E Stany Zjednoczone Ameryki
31%
T N E C I L H I N E T S Lichtenstein
25%
Y I A I O O O R T T D D G B Trynidad i Tobago
18%
Nie znaleziono quizów pasujących do podanych kryteriów
Rozkład punktacji
Procent ludzi z każdym wynikiem
Percentyl według liczby udzielonych odpowiedzi
Twoja historia wyników
Nie rozwiązałeś tego quizu